=LDR 00000nam 2200000 4500 =001 INLIS000000000001990 =005 20130612090350 =008 ***********************************Ind** =035 ##$$0010-061300000001990 =041 ##$$a Ind =082 ##$$a 612 =090 ##$$a 612, Wor p =100 ##$$a Word,Brian R =245 ##$$a Pemeliharaan Tubuh, Brian R Word;penyunting,Bambang Sulistyo P =260 ##$$a 1983 $b Semarang =300 ##$$a 48 hlm, ilus, 24 cm =650 ##$$a Tubuh Manusia =700 ##$$a Sulistyo P,Bambang =850 ##$$a NBPNMAT